[Event "World Youth Girl U18 2016"]
[Site "Khanty-Mansiysk RUS"]
[Date "2016.09.26"]
[Round "5.17"]
[White "Toshali, V"]
[Black "Trippold, Denise"]
[Result "0-1"]
[BlackTitle "WFM"]
[WhiteElo "1766"]
[BlackElo "2068"]
[WhiteFideId "5072611"]
[BlackFideId "1625594"]
[EventDate "2016.09.22"]

1. e4 c5 2. f4 d5 3. exd5 Nf6 4. Bb5+ Nbd7 5. c4 g6 6. Nc3 Bg7 7. Nf3 O-O 8.
Bxd7 Bxd7 9. O-O e6 10. dxe6 Bxe6 11. d3 Qc7 12. Ng5 Bf5 13. Nge4 Rad8 14. Qf3
Rfe8 15. Nxf6+ Bxf6 16. Nd5 Bd4+ 17. Kh1 Qd6 18. Bd2 Be6 19. f5 Bxd5 20. cxd5
Qxd5 21. fxg6 fxg6 22. Bc3 Qxf3 23. Rxf3 Re2 24. h3 Bxc3 25. bxc3 Rd2 26. d4
cxd4 27. cxd4 R8xd4 28. a3 Rb2 29. Raf1 Rdd2 30. Rc1 Rxg2 31. Rc8+ Kg7 32. Rc7+
Kh6 33. Rff7 Rh2+ 34. Kg1 Rbg2+ 35. Kf1 Ra2 36. Rxh7+ Kg5 37. Kg1 Rhb2 38. h4+
Kf4 39. Rc4+ Ke3 40. Re7+ Kd3 41. Rce4 Rb1+ 42. Re1 Rxe1+ 43. Rxe1 Rxa3 44. Re6
Ra6 45. Re7 Rb6 46. Kf2 a5 47. Re5 Ra6 48. Rb5 a4 49. Rxb7 a3 50. Rb1 a2 51. Ra1
Kc2 52. Kg3 Kb2 53. Rxa2+ Kxa2 0-1

[Event "World Youth Girl U18 2016"]
[Site "Khanty-Mansiysk RUS"]
[Date "2016.09.26"]
[Round "5.18"]
[White "Oljobai Kyzy, Alisa"]
[Black "Auvray, Honorine"]
[Result "0-1"]
[BlackTitle "WFM"]
[WhiteElo "1672"]
[BlackElo "1961"]
[WhiteFideId "13801953"]
[BlackFideId "600512"]
[EventDate "2016.09.22"]

1. e4 g6 2. d4 Bg7 3. Nc3 d6 4. Be3 a6 5. Qd2 b5 6. a3 Nf6 7. f3 c6 8. Bh6 Bxh6
9. Qxh6 Nbd7 10. O-O-O Qc7 11. Nge2 Bb7 12. Qe3 a5 13. g4 Nb6 14. g5 Nfd7 15.
Nf4 b4 16. Nb1 e5 17. Ng2 O-O 18. h4 Rfd8 19. h5 Nf8 20. f4 exf4 21. Nxf4 Qe7
22. hxg6 fxg6 23. Bd3 c5 24. Rde1 c4 25. Bf1 Re8 26. d5 Nbd7 27. Bxc4 Ne5 28.
Bb5 Rec8 29. Nd2 Rc5 30. Bd3 bxa3 31. bxa3 a4 32. Kd1 Bc8 33. Rhg1 Rb8 34. Ke2
Bg4+ 35. Kf1 Qxg5 36. Ng2 Qe7 37. Qf4 Nfd7 38. Ne3 Rf8 39. Nf5 gxf5 40. exf5 Qg7
41. Be2 Rxf5 42. Qxf5 Bxf5 43. Rxg7+ Kxg7 44. c4 Nb6 45. Rc1 Nxd5 46. Nf3 Nxf3
47. Bxf3 Ne3+ 48. Kf2 Nxc4 49. Be2 Nxa3 50. Rxc5 dxc5 0-1

[Event "World Youth Girl U18 2016"]
[Site "Khanty-Mansiysk RUS"]
[Date "2016.09.26"]
[Round "5.19"]
[White "Methmani, Nelunika"]
[Black "Jibuti, Nata"]
[Result "1-0"]
[WhiteTitle "WIM"]
[BlackTitle "WFM"]
[WhiteElo "1612"]
[BlackElo "1865"]
[WhiteFideId "9910050"]
[BlackFideId "13603094"]
[EventDate "2016.09.22"]

1. d4 Nf6 2. c4 e6 3. Nc3 Bb4 4. f3 O-O 5. e4 d6 6. Bd3 e5 7. d5 Bxc3+ 8. bxc3
Nfd7 9. Be3 Qh4+ 10. Bf2 Qg5 11. g4 Na6 12. Qd2 Qxd2+ 13. Kxd2 Nac5 14. Ne2 b6
15. Nc1 Ba6 16. Nb3 Nxd3 17. Kxd3 Rfc8 18. Nd2 c6 19. Kc2 Rc7 20. Rac1 Rac8 21.
Kb2 Nf8 22. h4 Ng6 23. Be3 Ne7 24. h5 Rb8 25. Rh2 cxd5 26. cxd5 Rbc8 27. Rg2 Bd3
28. f4 f6 29. g5 Kh8 30. h6 Ng8 31. hxg7+ Rxg7 32. Rcg1 f5 33. Rf2 fxe4 34. f5
Rf8 35. Rh1 Rff7 36. g6 Rf8 37. Rfh2 Nf6 38. Bh6 Rfg8 39. Bg5 Rf8 40. Bh6 Rfg8
41. Bxg7+ Rxg7 42. Rh6 Ng4 43. Rxh7+ Rxh7 44. Rxh7+ Kg8 45. Rxa7 e3 46. Nf3 Bxf5
47. g7 e2 48. Ne1 e4 49. c4 Ne5 50. Kc3 e3 51. Re7 Ng4 52. a4 Ne5 53. Kb4 Bd3
54. Rxe5 dxe5 55. Nxd3 1-0

[Event "World Youth Girl U18 2016"]
[Site "Khanty-Mansiysk RUS"]
[Date "2016.09.26"]
[Round "5.20"]
[White "Albekova, Dilyara"]
[Black "Meskenaite, Rugile"]
[Result "0-1"]
[WhiteElo "1784"]
[BlackElo "1709"]
[WhiteFideId "13705628"]
[BlackFideId "12806587"]
[EventDate "2016.09.22"]

1. e4 e5 2. Nf3 Nc6 3. Bc4 Bc5 4. c3 Nf6 5. d3 h6 6. Bb3 d6 7. Nbd2 Bg4 8. h3
Bh5 9. O-O O-O 10. Re1 Nh7 11. Nf1 Kh8 12. g4 Bg6 13. Ng3 Qe7 14. h4 Qd7 15. Nh2
f6 16. Ba4 d5 17. b4 Be7 18. b5 Nd8 19. Qf3 d4 20. c4 Ne6 21. Nf5 Bb4 22. Rd1
Bc3 23. Rb1 a6 24. Bb3 a5 25. Ba3 Rfe8 26. c5 Nf4 27. Bc1 Ne6 28. c6 bxc6 29.
bxc6 Qc8 30. Bd5 Rb8 31. Ba3 Bb4 32. Bxb4 axb4 33. Rb2 Nf4 34. Bc4 h5 35. Nxd4
hxg4 36. Qxg4 Qxg4+ 37. Nxg4 exd4 38. Rdb1 f5 39. exf5 Bxf5 40. f3 Nxd3 41. Bxd3
Bxd3 42. Rd1 Be2 43. Rxd4 Bxf3 44. Rbxb4 Rxb4 45. Rxb4 Bxc6 46. Rc4 Bd7 47. Kf2
c6 48. a4 Ra8 49. Ne5 Nf6 50. Nxd7 Nxd7 51. Rxc6 Rxa4 52. Kg3 Nf6 0-1

[Event "World Youth Girl U18 2016"]
[Site "Khanty-Mansiysk RUS"]
[Date "2016.09.26"]
[Round "5.21"]
[White "Bandara, T B S H"]
[Black "Mamontova, Anastasia"]
[Result "0-1"]
[BlackTitle "WFM"]
[WhiteElo "1543"]
[BlackElo "2021"]
[WhiteFideId "9918477"]
[BlackFideId "34100234"]
[EventDate "2016.09.22"]

1. e4 c6 2. d4 d5 3. exd5 cxd5 4. Bd3 Nc6 5. c3 Qc7 6. Ne2 Bg4 7. f3 Bd7 8. Bf4
e5 9. dxe5 Nxe5 10. Bc2 Nf6 11. O-O Bd6 12. Nd2 O-O 13. Nb3 Rfe8 14. Bg3 Nc4 15.
Bxd6 Qxd6 16. Re1 Nxb2 17. Qd4 b6 18. Qh4 Re3 19. Nbd4 Rae8 20. Rab1 Nc4 21.
Rbd1 R3e5 22. h3 h6 23. Bb3 Ne3 24. Rd2 Nxg2 25. Kxg2 Rh5 26. Qf4 Qxf4 27. Nxf4
Rxe1 28. Nxh5 Nxh5 29. Ne2 Rxe2+ 30. Rxe2 Nf4+ 31. Kf2 Nxe2 32. Kxe2 Bxh3 33.
Bxd5 Be6 34. c4 Bxd5 35. cxd5 Kf8 36. Ke3 Ke7 37. Ke4 Kd6 38. f4 h5 0-1

[Event "World Youth Girl U18 2016"]
[Site "Khanty-Mansiysk RUS"]
[Date "2016.09.26"]
[Round "5.22"]
[White "Wu, Min"]
[Black "Hwang, Chyi"]
[Result "0-1"]
[WhiteElo "1996"]
[BlackElo "1356"]
[WhiteFideId "1631969"]
[BlackFideId "16300920"]
[EventDate "2016.09.22"]

1. e4 e5 2. Nf3 Nc6 3. Nc3 Bc5 4. Nxe5 Nxe5 5. d4 Bxd4 6. Qxd4 Qf6 7. Nd5 Nf3+
8. gxf3 Qxd4 9. Nxc7+ Kd8 10. Nxa8 b6 11. c3 Qd6 12. Bg5+ f6 13. Bh4 Qc6 14.
Nxb6 Qxb6 15. O-O-O Ke8 16. Bd3 f5 17. exf5 Qh6+ 18. Kb1 Qxh4 0-1

[Event "World Youth Girl U18 2016"]
[Site "Khanty-Mansiysk RUS"]
[Date "2016.09.26"]
[Round "5.23"]
[White "Kolver, Michelle"]
[Black "Alijanzadeh, Mohadeseh"]
[Result "0-1"]
[WhiteTitle "WCM"]
[WhiteElo "1485"]
[BlackElo "1824"]
[WhiteFideId "14307839"]
[BlackFideId "12508632"]
[EventDate "2016.09.22"]

1. d4 Nf6 2. Nc3 d5 3. Bg5 Bf5 4. f3 Nbd7 5. Qd2 c6 6. O-O-O b5 7. Re1 b4 8. Nb1
Qa5 9. a3 e6 10. e3 Rb8 11. Ne2 Qa4 12. b3 bxa3 13. Nec3 Qa5 14. Na2 Qb6 15. Rd1
c5 16. Qc3 Be7 17. Nd2 cxd4 18. Qxd4 Bc5 19. Qc3 O-O 20. Bd3 d4 21. Qc4 Ne5 22.
Qa4 Nxd3+ 23. cxd3 dxe3 24. Ne4 Bxe4 25. dxe4 Rfc8 26. Rd3 Nxe4 27. fxe4 Be7+
28. Kb1 Bxg5 29. Rf1 e2 30. Re1 Qf2 31. Qa5 Rb5 32. Rf3 Qxf3 33. Qxb5 Qxe4+ 34.
Ka1 Bf6+ 35. Nc3 Bxc3+ 36. Ka2 Qc2+ 0-1

[Event "World Youth Girl U18 2016"]
[Site "Khanty-Mansiysk RUS"]
[Date "2016.09.26"]
[Round "5.24"]
[White "Sit, Victoria"]
[Black "Liscinska, Jana"]
[Result "1/2-1/2"]
[WhiteElo "1768"]
[BlackElo "1712"]
[WhiteFideId "425524"]
[BlackFideId "14928612"]
[EventDate "2016.09.22"]

1. d4 Nf6 2. c4 g6 3. Nf3 Bg7 4. g3 d6 5. Bg2 Nbd7 6. Nc3 O-O 7. O-O e5 8. e4 c6
9. Re1 exd4 10. Nxd4 Ng4 11. Nde2 Qb6 12. Rf1 Nc5 13. Qc2 f5 14. h3 Ne5 15. Bg5
fxe4 16. Be7 Nf3+ 17. Kh1 Re8 18. Bxd6 Bf5 19. g4 Be6 20. Nxe4 Nxe4 21. Qxe4 Nd2
22. Qc2 Nxf1 23. Rb1 Ne3 24. fxe3 Qxe3 25. Bf4 Qc5 26. b3 Rad8 27. Ng3 Qd4 28.
Bg5 Qd3 29. Qxd3 Rxd3 30. Ne4 Kh8 31. Nc5 Rg3 32. Bf4 Rc3 33. Nxb7 Rc2 34. Bxc6
Rc8 35. Ba4 Rxa2 36. Re1 Ra1 37. Rxa1 Bxa1 38. Be3 h5 39. gxh5 gxh5 40. Nd6 Rg8
41. Bxa7 Be5 42. Bc5 Bxh3 43. Bc6 Bg3 44. Bd4+ Kh7 45. Be4+ Rg6 46. Nf7 Bf4 47.
Bxg6+ Kxg6 48. Ne5+ Kf5 49. Nd3 Bg3 50. Nf2 Bf1 1/2-1/2

[Event "World Youth Girl U18 2016"]
[Site "Khanty-Mansiysk RUS"]
[Date "2016.09.26"]
[Round "5.25"]
[White "Tao, Rachel Long-Xin"]
[Black "Yolal, Sena Gokcen"]
[Result "0-1"]
[WhiteTitle "WCM"]
[WhiteElo "1649"]
[BlackElo "1737"]
[WhiteFideId "2616300"]
[BlackFideId "6337031"]
[EventDate "2016.09.22"]

1. e4 c5 2. Nf3 Nc6 3. c4 e6 4. Nc3 e5 5. Be2 g6 6. O-O Bg7 7. d3 Nge7 8. Be3 d6
9. Rb1 O-O 10. a3 a5 11. Nb5 f5 12. exf5 Nxf5 13. Nd2 Na7 14. Nc3 Be6 15. Bf3
Nc6 16. Nb5 Qd7 17. Ne4 Ncd4 18. Bxd4 Nxd4 19. Nxd4 exd4 20. Ng5 Bf5 21. g4 Bh6
22. h4 Bxg5 23. hxg5 Be6 24. Kg2 d5 25. b3 Rf4 26. Bxd5 Bxd5+ 27. Kg3 Rf3+ 28.
Qxf3 Bxf3 29. Kxf3 Rf8+ 30. Kg3 Qd6+ 31. f4 Re8 32. Rf3 Re3 33. Rxe3 dxe3 34.
Kf3 Qxd3 35. Re1 e2+ 36. Kf2 Qxb3 37. Rxe2 Qxc4 0-1

[Event "World Youth Girl U18 2016"]
[Site "Khanty-Mansiysk RUS"]
[Date "2016.09.28"]
[Round "6.1"]
[White "Tsolakidou, Stavroula"]
[Black "Ghukasyan, Siranush"]
[Result "0-1"]
[WhiteTitle "WGM"]
[WhiteElo "2355"]
[BlackElo "2106"]
[WhiteFideId "4264312"]
[BlackFideId "13300946"]
[EventDate "2016.09.22"]

1. d4 d5 2. c4 e6 3. Nf3 Nf6 4. g3 Bb4+ 5. Bd2 Bd6 6. Bg2 c6 7. O-O O-O 8. Bg5
Nbd7 9. Nbd2 h6 10. Bxf6 Nxf6 11. Qc2 b6 12. e4 dxe4 13. Nxe4 Nxe4 14. Qxe4 Bb7
15. Ne5 Rc8 16. Rac1 Qe7 17. Nd3 Ba6 18. Rfe1 c5 19. d5 Bb7 20. Qe2 Rce8 21.
dxe6 Bxg2 22. Kxg2 fxe6 23. Qe4 Rf6 24. Rc2 Rd8 25. Nc1 Bc7 26. Ne2 Qf7 27. Nc3
g5 28. Ree2 Rf5 29. Rcd2 Rxd2 30. Rxd2 h5 31. Qa8+ Kg7 32. Qxa7 Be5 33. Qxf7+
Rxf7 34. Nb5 g4 35. b3 Kf8 36. h3 Ke7 37. Re2 Kf6 38. Rd2 Ke7 39. hxg4 hxg4 40.
Na7 Kf6 41. Nc8 Bc7 42. Nd6 Rf8 43. Ne4+ Kf5 44. Rd7 Be5 45. Nd2 Bd4 46. Rb7 Bc3
47. Nf1 Bd4 48. Nh2 Kg5 49. f4+ gxf3+ 50. Nxf3+ Kg4 51. Nh2+ Kg5 52. a4 e5 53.
Rxb6 e4 54. Re6 Rf2+ 55. Kh3 Kf5 56. Re8 Rb2 57. Ng4 Rxb3 58. Nh6+ Kg6 59. Re6+
Kg5 60. Nf7+ Kf5 61. Re8 Rb6 62. g4+ Kf4 63. g5 e3 64. Kh4 Rb2 65. Kh5 Rh2+ 66.
Kg6 e2 67. a5 Bc3 68. a6 e1=Q 69. Rxe1 Bxe1 70. Nd8 Ra2 71. Ne6+ Kg4 72. Kf7
Rxa6 73. g6 Bc3 74. Nxc5 Rf6+ 75. Ke7 Rxg6 76. Nd3 Kf3 77. c5 Ke4 0-1

[Event "World Youth Girl U18 2016"]
[Site "Khanty-Mansiysk RUS"]
[Date "2016.09.28"]
[Round "6.2"]
[White "Hu, Yu A."]
[Black "Khomeriki, Nino"]
[Result "0-1"]
[BlackTitle "WIM"]
[WhiteElo "2049"]
[BlackElo "2357"]
[WhiteFideId "8609993"]
[BlackFideId "13603191"]
[EventDate "2016.09.22"]

1. e4 e5 2. Nf3 Nc6 3. Bb5 a6 4. Ba4 Nf6 5. O-O Be7 6. Re1 b5 7. Bb3 O-O 8. d3
d6 9. c3 Na5 10. Bc2 c5 11. Nbd2 Nc6 12. Nf1 h6 13. h3 Be6 14. Ng3 Re8 15. Be3
d5 16. d4 exd4 17. cxd4 dxe4 18. Nxe4 c4 19. Ng3 Qd5 20. Nh4 Bb4 21. Rf1 Ne7 22.
Qc1 g5 23. Nf3 Ng6 24. Bxg6 fxg6 25. Ne5 Nd7 26. Nxg6 Bf7 27. Qc2 Bd6 28. Ne5
Nxe5 29. dxe5 Bxe5 30. Rad1 Qe6 31. Bd4 Bg6 32. Qc3 Bxd4 33. Rxd4 Bd3 34. Nh5
Re7 35. Rc1 Rf8 36. Ng3 Qf6 37. f3 b4 0-1

[Event "World Youth Girl U18 2016"]
[Site "Khanty-Mansiysk RUS"]
[Date "2016.09.28"]
[Round "6.3"]
[White "Heinemann, Josefine"]
[Black "Lahav, Michal"]
[Result "0-1"]
[WhiteTitle "WIM"]
[WhiteElo "2242"]
[BlackElo "2054"]
[WhiteFideId "12900460"]
[BlackFideId "2813742"]
[EventDate "2016.09.22"]

1. e4 e6 2. d4 d5 3. Nc3 Bb4 4. e5 c5 5. a3 Bxc3+ 6. bxc3 Qa5 7. Bd2 Qa4 8. Qg4
g6 9. Nf3 Nc6 10. Be2 Qxc2 11. dxc5 f5 12. exf6 Nxf6 13. Qg5 O-O 14. Rc1 Qe4 15.
Be3 Qg4 16. Qh6 Qh5 17. Qxh5 Nxh5 18. Bb5 Nb8 19. Ne5 a6 20. Be2 Nf4 21. Bf1 Nd7
22. Nxd7 Bxd7 23. g3 Nh5 24. Be2 Nf6 25. c4 dxc4 26. Bxc4 Nd5 27. Bd4 Bb5 28.
O-O Bxc4 29. Rxc4 Rac8 30. f4 b5 31. Rcc1 Rc6 32. Rfe1 Rfc8 33. Re5 Kf7 34. g4
Ne7 35. h4 Rd8 36. Bf2 Rd3 37. Ra1 Rf3 38. Kg2 Rxf4 39. Kg3 Ra4 40. Be3 Ke8 41.
h5 Nd5 42. hxg6 hxg6 43. Bg5 Kd7 44. Rae1 Rxa3+ 45. Kh4 Ra4 46. Be3 Nxe3 47.
R1xe3 Rc4 48. Rg5 R4xc5 49. Rxg6 b4 50. g5 Rc3 51. Rg7+ Kd6 52. Re1 Rc1 53. Re3
Rh1+ 54. Kg3 Rc3 55. Kf2 Rh2+ 56. Kg1 Rb2 57. Re1 Rg3+ 58. Kf1 Rf3+ 59. Kg1 Rff2
60. Ra7 Rg2+ 61. Kh1 Rh2+ 62. Kg1 Rbg2+ 63. Kf1 Ra2 64. Rd1+ Kc6 65. Kg1 Rhg2+
66. Kf1 Rxg5 67. Rdd7 Rd5 68. Rdc7+ Kb6 69. Rab7+ Ka5 70. Ke1 Rh5 0-1

[Event "World Youth Girl U18 2016"]
[Site "Khanty-Mansiysk RUS"]
[Date "2016.09.28"]
[Round "6.4"]
[White "Obolentseva, Alexandra"]
[Black "Wozniak, Mariola"]
[Result "1-0"]
[WhiteTitle "WFM"]
[BlackTitle "WIM"]
[WhiteElo "2331"]
[BlackElo "2246"]
[WhiteFideId "24153648"]
[BlackFideId "1152050"]
[EventDate "2016.09.22"]

1. d4 Nf6 2. c4 g6 3. Nc3 d5 4. Nf3 Bg7 5. e3 O-O 6. cxd5 Nxd5 7. Bc4 Nb6 8. Bb3
c5 9. O-O cxd4 10. Nxd4 Nc6 11. Qe2 Nxd4 12. exd4 Bf5 13. Rd1 Qd6 14. h3 a5 15.
a3 a4 16. Ba2 Rfc8 17. Qf3 Nc4 18. Bf4 Qd8 19. Qe2 Na5 20. g4 Bd7 21. Bg5 Nc6
22. Nd5 Ra5 23. Nxe7+ Nxe7 24. Bxe7 Qe8 25. Qd2 Ra6 26. Re1 Be6 27. Bg5 Qb5 28.
d5 Rd6 29. Qf4 Rxd5 30. Bxd5 Qxd5 31. Rad1 Qb3 32. Rd2 Qxh3 33. f3 Bf8 34. Rh2
Bc5+ 35. Kh1 1-0

[Event "World Youth Girl U18 2016"]
[Site "Khanty-Mansiysk RUS"]
[Date "2016.09.28"]
[Round "6.5"]
[White "Balajayeva, Khanim"]
[Black "Drogovoz, Irina"]
[Result "1-0"]
[WhiteTitle "WFM"]
[BlackTitle "WIM"]
[WhiteElo "2147"]
[BlackElo "2144"]
[WhiteFideId "13406396"]
[BlackFideId "4176715"]
[EventDate "2016.09.22"]

1. e4 c5 2. c3 d5 3. exd5 Qxd5 4. d4 g6 5. Nf3 Bg7 6. Na3 cxd4 7. Bc4 Qe4+ 8.
Be3 Nh6 9. cxd4 O-O 10. O-O Qf5 11. Nb5 Nc6 12. Bd3 Qd7 13. d5 Nb4 14. Bc4 a6
15. Nc3 b5 16. Bb3 a5 17. a3 Na6 18. Bxh6 Bxh6 19. Ne5 Qd6 20. Nc6 Nc7 21. Ne4
Qd7 22. Re1 Kh8 23. Qf3 f5 24. Nc5 Qd6 25. Rxe7 Qxc5 26. Rxc7 Bg7 27. Re1 Bf6
28. Qh3 h5 29. Qg3 Rg8 30. Ne7 1-0

[Event "World Youth Girl U18 2016"]
[Site "Khanty-Mansiysk RUS"]
[Date "2016.09.28"]
[Round "6.6"]
[White "Unuk, Laura"]
[Black "Santeramo, Alessia"]
[Result "0-1"]
[WhiteTitle "WIM"]
[BlackTitle "WFM"]
[WhiteElo "2332"]
[BlackElo "2001"]
[WhiteFideId "14609215"]
[BlackFideId "850810"]
[EventDate "2016.09.22"]

1. d4 Nf6 2. c4 e6 3. Nf3 Bb4+ 4. Bd2 Qe7 5. g3 Bxd2+ 6. Nbxd2 d6 7. Bg2 e5 8.
O-O O-O 9. e4 Nbd7 10. Qc2 a5 11. b3 h6 12. Rad1 Nh7 13. Nb1 Ng5 14. Nxg5 hxg5
15. Nc3 c6 16. Qd2 g6 17. f4 gxf4 18. gxf4 Qh4 19. Rf3 Nf6 20. f5 Kg7 21. Rdf1
Nh5 22. Rh3 Qg4 23. f6+ Kh7 24. Ne2 Rh8 25. Rff3 Qxe4 26. Rxh5+ gxh5 27. Rg3
Qb1+ 28. Bf1 Rg8 29. dxe5 Bh3 30. Nc1 Bxf1 31. Kxf1 Qf5+ 32. Qf2 Qxf2+ 33. Kxf2
Rxg3 34. hxg3 dxe5 35. Nd3 Re8 36. Nc5 b5 37. Ke3 Kg6 38. cxb5 cxb5 39. a4 bxa4
40. bxa4 Kxf6 41. Nb7 Ra8 0-1

[Event "World Youth Girl U18 2016"]
[Site "Khanty-Mansiysk RUS"]
[Date "2016.09.28"]
[Round "6.7"]
[White "Assaubayeva, Bibisara"]
[Black "Lingur, Zalina"]
[Result "1-0"]
[WhiteTitle "WFM"]
[BlackTitle "WFM"]
[WhiteElo "2287"]
[BlackElo "1986"]
[WhiteFideId "13708694"]
[BlackFideId "34165670"]
[EventDate "2016.09.22"]

1. d4 Nf6 2. c4 e6 3. Nf3 d5 4. Nc3 Be7 5. Bg5 O-O 6. e3 h6 7. Bh4 b6 8. cxd5
exd5 9. Bd3 Bb7 10. O-O Nbd7 11. Qe2 c5 12. Ba6 Qc8 13. Bxb7 Qxb7 14. dxc5 bxc5
15. b3 Qb4 16. Rac1 Rfd8 17. Rfd1 Nb6 18. Bg3 Ne4 19. Nxe4 Qxe4 20. Qa6 h5 21.
h3 h4 22. Bh2 Qe6 23. Rc2 Qc6 24. Qa5 Qb7 25. Rcc1 Rac8 26. Bf4 Rc6 27. Kh1 Rg6
28. Ne5 Re6 29. Nd3 c4 30. Nc5 Bxc5 31. Qxc5 Rc8 32. Qd4 Re4 33. Qd2 d4 34. f3
Re6 35. Qxd4 Rec6 36. bxc4 Nxc4 37. Rc2 Qe7 38. e4 g5 39. Bh2 Qa3 40. Rdc1 Qa4
41. Bg1 Qa6 42. Qd5 Qa5 43. Be3 Qa6 44. Qxg5+ Rg6 45. Qxh4 Rcc6 46. Qd8+ Kh7 47.
Bd4 Rg8 48. Qd5 Rcg6 49. Qh5+ 1-0

[Event "World Youth Girl U18 2016"]
[Site "Khanty-Mansiysk RUS"]
[Date "2016.09.28"]
[Round "6.8"]
[White "Fuentes Godoy, Lilia Ivonne"]
[Black "Uuriintuya, Uurtsaikh"]
[Result "0-1"]
[WhiteTitle "WIM"]
[BlackTitle "WIM"]
[WhiteElo "2142"]
[BlackElo "2228"]
[WhiteFideId "5104130"]
[BlackFideId "4900227"]
[EventDate "2016.09.22"]

1. d4 Nf6 2. c4 g6 3. Nc3 Bg7 4. e4 d6 5. Be2 O-O 6. Bg5 Na6 7. Qd2 e5 8. d5 c6
9. dxc6 bxc6 10. O-O-O Nc5 11. f3 Ne6 12. h4 Qb6 13. Be3 Nd4 14. Na4 Qb7 15.
Bxd4 exd4 16. Bd3 Re8 17. b3 d5 18. exd5 cxd5 19. Nb2 a5 20. Ne2 Bd7 21. Nxd4 a4
22. Rde1 axb3 23. axb3 Qb6 24. Bb1 Nh5 25. Rxe8+ Rxe8 26. Rd1 Ng3 27. Qg5 Bxd4
28. Qxg3 Bf2 29. Qh2 Qe3+ 30. Kc2 Bf5+ 31. Nd3 Qe2+ 32. Kc1 Be3+ 0-1

[Event "World Youth Girl U18 2016"]
[Site "Khanty-Mansiysk RUS"]
[Date "2016.09.28"]
[Round "6.9"]
[White "Mahalakshmi, M"]
[Black "Krasnokutskaya, Sofiya"]
[Result "1/2-1/2"]
[WhiteTitle "WIM"]
[WhiteElo "2221"]
[BlackElo "2086"]
[WhiteFideId "5001080"]
[BlackFideId "14150735"]
[EventDate "2016.09.22"]

1. Nf3 Nf6 2. g3 b6 3. Bg2 Bb7 4. O-O e6 5. d4 Be7 6. c4 O-O 7. Nc3 Ne4 8. d5
Nxc3 9. bxc3 d6 10. Nd4 e5 11. Nf5 Bf6 12. e4 Nd7 13. h4 Nc5 14. Be3 Bc8 15. Rc1
Kh8 16. f4 exf4 17. Bxf4 Bxf5 18. exf5 Qd7 19. Bh3 Ne4 20. Qf3 Rae8 21. h5 h6
22. Qd3 Qa4 23. Bg2 Nc5 1/2-1/2

[Event "World Youth Girl U18 2016"]
[Site "Khanty-Mansiysk RUS"]
[Date "2016.09.28"]
[Round "6.10"]
[White "Nguyen, Thanh Thuy Tien"]
[Black "Gazikova, Veronika"]
[Result "1-0"]
[WhiteTitle "WIM"]
[BlackTitle "WFM"]
[WhiteElo "1978"]
[BlackElo "2213"]
[WhiteFideId "12400998"]
[BlackFideId "14919311"]
[EventDate "2016.09.22"]

1. c4 Nf6 2. Nc3 g6 3. e4 d6 4. Nf3 e5 5. d4 Nbd7 6. d5 Bg7 7. g3 O-O 8. Bg2 Ne8
9. Qc2 Nb6 10. b3 f5 11. Nd2 f4 12. Bb2 Qg5 13. Ne2 Nf6 14. Nf3 Qh5 15. h3 g5
16. g4 Qg6 17. Nd2 h5 18. f3 hxg4 19. hxg4 Bxg4 20. fxg4 Nxg4 21. Rg1 Ne3 22.
Qc3 Qh5 23. Bh1 Qh4+ 24. Ng3 fxg3 25. Qxe3 g2+ 26. Ke2 Qh5+ 27. Kd3 gxh1=Q 28.
Rxh1 Qg6 29. Rag1 Rf4 30. Nf3 Nd7 31. Nxg5 Nc5+ 32. Kd2 Raf8 33. Ne6 Nxe4+ 34.
Qxe4 Rf2+ 35. Kc3 R2f3+ 36. Kb4 1-0

[Event "World Youth Girl U18 2016"]
[Site "Khanty-Mansiysk RUS"]
[Date "2016.09.28"]
[Round "6.11"]
[White "Abdusattorova, Bakhora"]
[Black "Marjina, Arina"]
[Result "1-0"]
[WhiteTitle "WFM"]
[BlackTitle "WFM"]
[WhiteElo "2177"]
[BlackElo "2076"]
[WhiteFideId "14204126"]
[BlackFideId "34100242"]
[EventDate "2016.09.22"]

1. d4 Nf6 2. Bf4 g6 3. e3 Bg7 4. Nf3 O-O 5. Be2 c5 6. c3 d6 7. O-O b6 8. h3 Bb7
9. Nbd2 Nbd7 10. Bh2 Qc7 11. a4 a6 12. Re1 Bc6 13. b4 cxb4 14. cxb4 b5 15. Rc1
Qb6 16. axb5 axb5 17. Qc2 Rfc8 18. Ra1 Nd5 19. Qb2 Bb7 20. Rxa8 Bxa8 21. Ra1 Nc3
22. Bd3 Na4 23. Qb1 Nf6 24. e4 Bc6 25. Bf4 Qb7 26. d5 Bd7 27. Be3 e6 28. dxe6
Bxe6 29. Qf1 Bd7 30. Rc1 Rxc1 31. Qxc1 h6 32. Nd4 d5 33. e5 Ne4 34. f4 Bf8 35.
N2b3 Bxb4 36. f5 gxf5 37. Bxh6 Bf8 38. Be3 Bg7 39. Qf1 Bxe5 40. Nxf5 Be6 41. Qf3
Nf6 42. Bd4 Qc7 43. Qe3 Ne4 44. Bxe4 dxe4 45. Qg5+ Kh7 46. Qh6+ Kg8 47. Bxe5 1-0

[Event "World Youth Girl U18 2016"]
[Site "Khanty-Mansiysk RUS"]
[Date "2016.09.28"]
[Round "6.12"]
[White "Yakimenko, Anastasia"]
[Black "Kanakova, Natalie"]
[Result "0-1"]
[WhiteElo "1983"]
[BlackElo "2175"]
[WhiteFideId "24174980"]
[BlackFideId "350486"]
[EventDate "2016.09.22"]

1. Nf3 c5 2. g3 g6 3. Bg2 Bg7 4. O-O Nc6 5. d3 d5 6. Nbd2 Nf6 7. c4 O-O 8. Rb1
b6 9. a3 a5 10. cxd5 Nxd5 11. Ne4 Bb7 12. Bd2 Nd4 13. Ne1 a4 14. Nc2 Nb3 15. Be1
Qd7 16. Nc3 Rfd8 17. Na1 Nd4 18. Nc2 b5 19. Nxd4 cxd4 20. Ne4 Rac8 21. Ba5 Re8
22. Rc1 Bh6 23. Nc5 Qf5 24. Bd2 Bxd2 25. Qxd2 Ba8 26. Qa5 Nf4 27. gxf4 Bxg2 28.
Kxg2 Rxc5 29. Qd2 Qg4+ 30. Kh1 Rf5 31. f3 Qh4 32. b3 Rh5 33. e4 dxe3 34. Qe2
axb3 35. Rb1 Qxf4 36. Rxb3 Rd8 37. Rb4 Qd6 38. Re4 Qxa3 39. Rxe3 e6 40. d4 Qb4
41. Re5 Rd5 42. Rxh5 Rxh5 43. Rd1 Rd5 44. Qe4 Qc3 45. h4 b4 46. Kg2 b3 47. Kh3
b2 48. Kg3 Ra5 49. Qg4 Qb3 50. d5 Rxd5 51. Rb1 Kg7 52. Qe4 Qb8+ 0-1

[Event "World Youth Girl U18 2016"]
[Site "Khanty-Mansiysk RUS"]
[Date "2016.09.28"]
[Round "6.13"]
[White "Trippold, Denise"]
[Black "Auvray, Honorine"]
[Result "1/2-1/2"]
[WhiteTitle "WFM"]
[BlackTitle "WFM"]
[WhiteElo "2068"]
[BlackElo "1961"]
[WhiteFideId "1625594"]
[BlackFideId "600512"]
[EventDate "2016.09.22"]

1. d4 Nf6 2. c4 c5 3. d5 e6 4. Nc3 exd5 5. cxd5 d6 6. e4 g6 7. h3 a6 8. a4 Bg7
9. Nf3 O-O 10. Bd3 Nbd7 11. O-O Qe7 12. Bf4 Nh5 13. Bh2 Ne5 14. Be2 Nxf3+ 15.
Bxf3 Nf6 16. e5 dxe5 17. d6 Qe6 18. Re1 Ne8 19. Ne4 Rb8 20. d7 Qxd7 21. Qxd7
Bxd7 22. Nxc5 Bc8 23. Bxe5 Bxe5 24. Rxe5 b6 25. Ne4 Nc7 26. Rd1 Kg7 27. Re7 Ne6
28. Nd6 Kf6 29. Ra7 Nc5 30. Nxc8 Rfxc8 31. b4 Nxa4 32. Rxa6 Nb2 33. Rd6+ Ke5 34.
Raxb6 Rxb6 35. Rxb6 Rc1+ 36. Kh2 Nd3 37. b5 Nxf2 38. Rc6 Rb1 39. Rc5+ Kf4 40.
Rc4+ Ke5 41. Bc6 f5 42. Rc5+ Ke6 43. Rc2 Ne4 44. Ra2 h5 45. h4 Ke5 46. Ra3 Rb2
47. Kg1 Rb1+ 48. Kh2 Rb2 49. Kg1 Rb1+ 50. Kh2 Rb2 1/2-1/2